| 000 | 00488cam a2200193ua 4500 | ||
|---|---|---|---|
| 001 | 6124 | ||
| 005 | 20260515114004.0 | ||
| 008 | 131118n ii |||gr||||Z||||||eng | ||
| 040 | _cMAIN | ||
| 082 | _a657.42 | ||
| 245 | 1 | 1 |
_aCost Accounting _cBy Bhabatosh Banerjee |
| 250 | _a8th rev ed. | ||
| 260 |
_aCalcutta: _bThe World Press Private LTD, _c1988. |
||
| 300 | _axiii,864p. | ||
| 653 | _aCommerce | ||
| 653 | _aCost Accounting | ||
| 700 | 1 |
_aBanerjee,Bhabatosh, _eAuthor. |
|
| 942 | _cBK | ||
| 999 |
_c5271 _d5271 |
||